RICS strategic facilities management (Record no. 115650)
[ view plain ]
| 000 -LEADER | |
|---|---|
| fixed length control field | 01694cam a2200265 4500 |
| 001 - CONTROL NUMBER | |
| control field | L159053 |
| 008 - FIXED-LENGTH DATA ELEMENTS--GENERAL INFORMATION | |
| fixed length control field | 040913n2015 000 0 eng u |
| 035 ## - SYSTEM CONTROL NUMBER | |
| System control number | (Sirsi) u159053 |
| 041 ## - LANGUAGE CODE | |
| Language code of text/sound track or separate title | eng |
| 110 2# - MAIN ENTRY--CORPORATE NAME | |
| Corporate name or jurisdiction name as entry element | International Workplace |
| 9 (RLIN) | 6143 |
| 245 00 - TITLE STATEMENT | |
| Title | RICS strategic facilities management |
| Remainder of title | case studies: June 2015 |
| Medium | [electronic resource] |
| 260 ## - PUBLICATION, DISTRIBUTION, ETC. | |
| Place of publication, distribution, etc. | London |
| Name of publisher, distributor, etc. | RICS |
| Date of publication, distribution, etc. | 2015 |
| 490 #0 - SERIES STATEMENT | |
| Series statement | RICS Research |
| 505 2# - FORMATTED CONTENTS NOTE | |
| Formatted contents note | Foreword -- Critical FM: Delivering strategic FM services at a major events venue -- Critical FM: Facilitating business and pleasure at the world?s busiest airport -- Critical FM: How introducing smart working practices has helped National Grid create a sustainable legacy -- Critical FM: Procurement via partnership ? FM in health and social care -- Critical FM: Providing specialist Facilities Management consultancy services in the United Arab Emirates -- Critical FM: Working to deliver FM services at the largest dedicated rugby union venue in the world |
| 520 ## - SUMMARY, ETC. | |
| Summary, etc. | This third edition of RICS case studies builds on the first two editions to further illustrate the strategic role FM plays in a range of different businesses, and the significant contribution FM can make to the performance and success of an organisation. |
| 650 24 - SUBJECT ADDED ENTRY--TOPICAL TERM | |
| Topical term or geographic name entry element | Strategic Facilities Management |
| 651 #4 - SUBJECT ADDED ENTRY--GEOGRAPHIC NAME | |
| Geographic name | ENGLAND AND WALES |
| 690 ## - LOCAL SUBJECT ADDED ENTRY--TOPICAL TERM (OCLC, RLIN) | |
| Topical term or geographic name as entry element | Facilities management |
| 9 (RLIN) | 6240 |
| 700 1# - ADDED ENTRY--PERSONAL NAME | |
| Personal name | Davies, Alex |
| 700 1# - ADDED ENTRY--PERSONAL NAME | |
| Personal name | Sharp, David |
| 700 1# - ADDED ENTRY--PERSONAL NAME | |
| Personal name | Bean, Sara |
| 710 1# - ADDED ENTRY--CORPORATE NAME | |
| Corporate name or jurisdiction name as entry element | Royal Institution of Chartered Surveyors |
| 9 (RLIN) | 4900 |
| 856 48 - ELECTRONIC LOCATION AND ACCESS | |
| Uniform Resource Identifier | <a href="https://www.rics.org/Global/RICS%20STRATEGIC%20FM%20CASE%20STUDIES%20JUNE%202015%20-%20220615.pdf">https://www.rics.org/Global/RICS%20STRATEGIC%20FM%20CASE%20STUDIES%20JUNE%202015%20-%20220615.pdf</a> |
| Public note | View the item free of charge from www.rics.org |
| 942 ## - ADDED ENTRY ELEMENTS (KOHA) | |
| Suppress in OPAC | 0 |
| Withdrawn status | Lost status | Source of classification or shelving scheme | Damaged status | Not for loan | Home library | Current library | Shelving location | Date acquired | Total Checkouts | Full call number | Barcode | Date last seen | Copy number | Price effective from | Koha item type |
|---|---|---|---|---|---|---|---|---|---|---|---|---|---|---|---|
| Dewey Decimal Classification | Virtual | Virtual | Online | 21/12/2015 | ONLINE PUBLICATION | 159053-2001 | 06/08/2019 | 1 | 06/08/2019 | Book |